• 首页
  • 本馆介绍
  • 公告通知
  • 最新文献
  • 馆藏检索
  • 电子资源
  • 读者导购
  • 参考咨询
  • 我的图书馆
  • 登录
  • 详细信息显示
  • 放入我的书架
  • 预约/预借图书
  • 作者相关作品
  • 分类相关作品
  • 丛书相关作品
  • 出版社相关作品

书目信息

  • 表格格式
  • 工作单格式
  • 卡片格式
题名:
外国环境保护法规选编
    
 
作者: ;中国社会科学院法学研究所编译室 编
分册:  
出版信息: 北京   中国社会科学出版社  1979
页数: 286页
开本: 19cm
丛书名:
单 册:
中图分类: X-01
科图分类:
主题词: 环境保护法--外国--汇编 , 环境堡--环境政策 , 环境政策
电子资源:
ISBN:
000 00781nam0 2200253 45
001 0179001366
005 20061126170740.81
010    @dCNY0.71
091    @aCN@b6190.002
100    @a19950727d1979 emky0chiy0121 ea
101 1  @achi@cmul
102    @aCN@b110000
105    @ay n 000yy
200 10 @a外国环境保护法规选编@Awai guo huan jing bao hu fa gui xuan bian@f中国社会科学院法学研究所编译室编
210    @a北京@c中国社会科学出版社@d1979
215    @a286页@d19cm
606    @a环境保护法@y外国@x汇编
606 0  @a环境堡@x环境政策
606 0  @a环境政策
610 0  @a环境法规
690    @aX-01@v3
711 02 @a中国社会科学院法学研究所编译室@Azhong guo she hui ke xue yuan fa xue yan jiu suo bian yi shi@4编
801  0 @aCN@bTSSF@c20061126
905    @a10447@dX-01@e1
    
    外国环境保护法规选编/中国社会科学院法学研究所编译室编.-北京:中国社会科学出版社,1979
    286页;19cm
    
    
    ISBN :CNY0.71
    
●
相关链接 在E读中查询图书 在五车中查询图书 在当当中查询图书 在豆瓣中查询图书


正题名:外国环境保护法规选编     索取号:X-01/1         预约/预借

序号 登录号 条形码 馆藏地/架位号 状态 备注
1 0015341   001487046   第二样本阅览室/ [索取号:X-01/1] 在馆    
唐山师范学院图书馆 欢迎您!
大连网信软件有限公司© 版权所有